000 00289nas a2200121 4500
005 20211102115215.0
008 211102b ||||| |||| 00| 0 eng d
022 _a0016-4437
040 _c
245 _aGandhi marg
260 _aGandhi Peace foundation
_bApr Sep 2020
942 _2ddc
_cPR
999 _c220330
_d220330